Lectures in English Phonetics and Phonology

Bibliographic Details
Main Author: Bilá, Magdaléna (Author)
Format: Software eBook
Language:English
PhysicalDescription:1 elektronický optický disk (CD-ROM) fareb. 12 cm
Published: Prešov Prešovská univerzita v Prešove, Filozofická fakulta 2016
ISBN:9788055516561
Edition:Vyd.: prvé
Subjects:
Online Access:http://www.pulib.sk/web/kniznica/elpub/dokument/Bila4

MARC

LEADER 00000nam a2200000 a 4500
001 vtls011632477
003 SK-MaSNL
005 20260425230533.0
007 co cg muuua
008 240318s2016 xo | fsp 000 0 eng
015 |a SNBS2017 
020 |a 9788055516561  |q (elektronická kniha) 
040 |a SNK  |b slo  |c SNK  |e AACR2 
041 0 |a eng 
044 |a xo  |c SK 
072 7 |a 811.111  |x Angličtina  |2 konspekt 
080 |a 811.111  |2 2011 
080 |a 81'34  |2 2011 
080 |a 81'344  |2 2011 
080 |a (075.8)  |2 2011 
080 |a (0.034.44)  |2 2011 
100 1 |a Bilá, Magdaléna  |4 aut  |9 309889 
245 1 0 |a Lectures in English Phonetics and Phonology  |h elektronický zdroj  |c Magdaléna Bilá 
250 |a Vyd.: prvé 
260 |a Prešov  |b Prešovská univerzita v Prešove, Filozofická fakulta  |c 2016 
300 |a 1 elektronický optický disk (CD-ROM)  |b fareb.  |c 12 cm 
500 |a Názov z titulnej obrazovky 
504 |a Bibliogr. odkazy 
516 |a Textový dokument (učebnica), súbory vo formáte pdf, html 
538 |a Technické požiadavky: PDF prehliadač, internetový prehliadač 
650 0 7 |a angličtina  |2 SNKPH  |9 1260 
650 0 7 |a fonetika  |2 SNKPH  |9 863 
650 0 7 |a fonológia  |2 SNKPH  |9 864 
650 0 7 |a English language  |2 SNKPHeng  |9 279139 
650 0 7 |a Phonetics  |2 SNKPHeng  |9 310418 
650 0 7 |a Phonology  |2 SNKPHeng  |9 328053 
655 7 |a elektronické zdroje  |2 SNKPH  |9 90954 
655 7 |a CD-ROM  |2 SNKPH  |9 70236 
655 7 |a učebnice vysokých škôl  |2 SNKPH  |9 70191 
655 7 |a Electronic resources  |2 SNKPHeng  |9 175546 
655 7 |a Textbooks (higher)  |2 SNKPHeng  |9 276436 
710 2 |a Prešovská univerzita v Prešove.  |b Filozofická fakulta  |4 pbl  |9 179573 
856 4 1 |u http://www.pulib.sk/web/kniznica/elpub/dokument/Bila4 
919 |a 978-80-555-1656-1 
958 |a NB 
999 |c 678613  |d 680543 
952 |a SNK  |b SNK  |y PREZ  |7 0  |p 17A1259312  |o snkSCDM 9329  |i snk2017/12050  |8 0  |0 0  |1 0  |4 0  |d 2017-05-24  |l 0  |r 2026-02-23 19:49:14  |w 2026-02-23